000 00471nam a2200181Ia 4500
008 221030s9999 xx 000 0 und d
020 _a8177587552
041 _aEnglish
082 _a105.23
_bMil
100 _aI. Miller
245 0 _aJohn E. Freund`s Mathematical Statistics With Applications
_cby I. Miller, M. Miller
250 _a7th
260 _bPearson Education
_aDelhi
_c2006
300 _a614
650 _aMCA Maths
700 _aM. Miller
942 _cBK
999 _c3348
_d3348